000 00546nmm a2200169Ia 4500
008 251105s9999||||xx |||||||||||||||||und||
020 _a9788437005232
041 _aspa
100 _aCorberán Salvador, Rosa María
245 0 _aDidáctica de la geometría: el modelo Van Hiele
264 _a[Madrid, España] :
_bPublicaciones de la Universidad de Valencia (PUV),
_c1989
300 _a100 páginas
490 _aEducació. Sèrie Materials
650 _aSciences
856 _uhttps://public.digitaliapublishing.com/a/34779
942 _cCF
999 _c82252
_d82252